|
|
|
|
| LEADER |
00000cam a2200000 i 4500 |
| 001 |
1/72459 |
| 008 |
080125s2004 gw | ||| |||| ||eng|| |
| 020 |
|
|
|a 3540003754
|
| 035 |
|
|
|l 10094141
|
| 040 |
|
|
|a GR-MyUa
|b gre
|e AACR2
|
| 041 |
0 |
|
|a eng
|
| 082 |
7 |
|
|a 005.74
|2 (22)
|
| 245 |
0 |
4 |
|a The functional approach to data management :
|b modeling, analyzing and integrating heterogeneous data /
|c editors Peter M.D. Gray ... [κ. ά.].
|
| 260 |
|
|
|a Berlin :
|b Springer,
|c c2004.
|
| 300 |
|
|
|a xiii, 483 σ. :
|b εικ. ;
|c 24 εκ.
|
| 504 |
|
|
|a Περιλαμβάνει βιβλιογραφίες και ευρετήριο.
|
| 650 |
0 |
0 |
|a Database management.
|
| 650 |
0 |
0 |
|a Functional programming (Computer science)
|
| 700 |
1 |
|
|a Gray, Peter M. D.,
|d 1940-
|e edt
|
| 852 |
|
|
|a INST
|b SYROS
|e 20080125
|h 005.74 FUN
|p 005500006638
|q 005500006638
|t BK
|y 0
|
| 901 |
|
|
|a BIBL5-2008-1
|
| 922 |
|
|
|a 5ΕΛΗ
|b 200709
|c ΒΙΒΛΙΟΘΗΚΗ ΣΥΡΟΥ
|d GLORYBOOK
|
| 970 |
|
|
|a Καγιαβά
|b Ειρήνη
|z 25/01/2008
|